000 00384nam a2200169Ia 4500
001 9475
003 IN-NITTTR
005 20251114233048.0
008 251113s9999||||xx |||||||||||||| ||eng||
040 _beng
040 _cIN-NITTTR
041 _aeng
082 _a624.1513 L51S
100 _aLee, I. K.
245 0 _aSoil mechanics- new horizons. /
_cLee, I. K.
942 _2ddc
_cBK
999 _c12112
_d12112